[Event "Trophee Roza Lallemand Online"]
[Site "Tornelo INT"]
[Date "2020.12.13"]
[Round "5"]
[White "Kouam, Maelis"]
[Black "Frederic, Christine"]
[Result "0-1"]
[WhiteElo "1007"]
[BlackElo "1444"]
[PlyCount "110"]
[EventDate "2020.12.13"]
[EventType "swiss (rapid)"]
[EventRounds "9"]
[EventCountry "USA"]
[SourceTitle "EXT 2022"]
[Source "ChessBase"]
[SourceDate "2021.10.06"]
[SourceVersion "1"]
[SourceVersionDate "2021.10.06"]
[SourceQuality "1"]

1. e4 d6 2. d4 Nf6 3. Nc3 Nbd7 4. Nf3 e5 5. d5 Be7 6. Bc4 c5 7. Be3 a6 8. a4 0-0 9. 0-0 h6 10. Qd3 Ng4 11. Rad1 Nxe3 12. Qxe3 Nf6 13. h3 Nh5 14. g4 Nf4 15. Ne2 Nxh3+ 16. Kh2 Ng5 17. Ng3 Bxg4 18. Be2 Nxf3+ 19. Bxf3 Bxf3 20. Qxf3 Bg5 21. Rg1 Qf6 22. Qg2 Bf4 23. Kh1 Qh4+ 24. Qh2 Qxh2+ 25. Kxh2 f5 26. f3 fxe4 27. fxe4 Rf6 28. Kh3 Rg6 29. Nh5 Rg5 30. c4 Rxh5+ 31. Kg4 Rg5+ 32. Kh4 Rxg1 33. Rxg1 Rf8 34. b3 Bg5+ 35. Kg4 Rf4+ 36. Kh5 Rxe4 37. Rg4 Rxg4 38. Kxg4 Kf7 39. Kf5 g6+ 40. Ke4 Bf4 41. a5 h5 42. Kf3 h4 43. Kg4 g5 44. Kh3 Kf6 45. Kg4 Kg6 46. Kh3 Kf5 47. Kg2 g4 48. Kf2 h3 49. Kg1 g3 50. Kh1 g2+ 51. Kg1 Kg4 52. b4 cxb4 53. c5 dxc5 54. d6 Be3+ 55. Kh2 g1Q# 0-1

[Event "Besancon op"]
[Site "Besancon"]
[Date "2005.12.29"]
[Round "7"]
[White "Frederic, Christine"]
[Black "Denis, Quentin"]
[Result "1-0"]
[WhiteElo "1430"]
[BlackElo "1130"]
[PlyCount "67"]
[EventDate "2005.12.27"]
[EventType "swiss"]
[EventRounds "7"]
[EventCountry "FRA"]
[SourceTitle "CBM 110 Extra"]
[Source "ChessBase"]
[SourceDate "2006.03.10"]
[SourceVersion "2"]
[SourceVersionDate "2006.03.10"]
[SourceQuality "1"]

1. e4 e6 2. d4 d5 3. Nc3 c5 4. Nf3 Nc6 5. Bb5 Bd7 6. exd5 exd5 7. 0-0 Qb6 8. Nxd5 Qd8 9. Bf4 Rc8 10. Re1+ Be7 11. dxc5 Qa5 12. Qe2 Kf8 13. Bd6 Bxd6 14. cxd6 Re8 15. Qc4 Nb4 16. Rxe8+ Bxe8 17. Bxe8 Qxd5 18. Qc8 Qxd6 19. Re1 g6 20. Bb5+ Kg7 21. Qc3+ Kh6 22. Qxh8 Nxc2 23. Rc1 Nd4 24. Nxd4 Nf6 25. Qc8 Qxd4 26. Qh3+ Kg5 27. Qe3+ Qf4 28. Qxf4+ Kxf4 29. Rc7 a6 30. Be2 b5 31. Rxf7 Kf5 32. Bd3+ Ke5 33. f4+ Ke6 34. Ra7 1-0

[Event "FRA-ch op-C"]
[Site "Chartres"]
[Date "2005.??.??"]
[Round "4"]
[White "Amatucci, Bruno"]
[Black "Frederic, Christine"]
[Result "1-0"]
[WhiteElo "1650"]
[BlackElo "1540"]
[PlyCount "57"]
[EventDate "2005.08.15"]
[EventType "swiss"]
[EventRounds "11"]
[EventCountry "FRA"]
[SourceTitle "EXT 2006"]
[Source "ChessBase"]
[SourceDate "2005.11.24"]
[SourceVersion "1"]
[SourceVersionDate "2005.11.24"]
[SourceQuality "1"]

1. c4 g6 2. d4 Bg7 3. Nf3 d6 4. e3 c5 5. Be2 Nf6 6. Nc3 0-0 7. h3 a6 8. e4 Qa5 9. Bd2 Qb6 10. Na4 Qa7 11. dxc5 Nxe4 12. Be3 dxc5 13. Qd5 Nf6 14. Qd3 b6 15. Ne5 Qc7 16. Bf4 Nfd7 17. Nxg6 Qd8 18. Nxf8 Qxf8 19. h4 Bb7 20. h5 h6 21. Qg3 Kh7 22. 0-0-0 Bc6 23. Nc3 e5 24. Be3 f5 25. Qg6+ Kh8 26. Rd6 f4 27. Bd2 Nf6 28. Re6 Nfd7 29. Re8 1-0